The music connection / (Record no. 9973)
[ view plain ]
| 000 -LEADER | |
|---|---|
| fixed length control field | 00659nam a22002297a 4500 |
| 003 - CONTROL NUMBER IDENTIFIER | |
| control field | SISC |
| 005 - DATE AND TIME OF LATEST TRANSACTION | |
| control field | 20160318081457.0 |
| 008 - FIXED-LENGTH DATA ELEMENTS--GENERAL INFORMATION | |
| fixed length control field | 130122t xxu||||| |||| 00| 0 eng d |
| 020 ## - INTERNATIONAL STANDARD BOOK NUMBER | |
| International Standard Book Number | 9780382261886 |
| 050 ## - LIBRARY OF CONGRESS CALL NUMBER | |
| Classification number | MT 740 |
| Item number | .M978 1995 |
| 082 ## - DEWEY DECIMAL CLASSIFICATION NUMBER | |
| Classification number | HS 780.7 |
| Item number | M698 1995 |
| 100 ## - MAIN ENTRY--PERSONAL NAME | |
| Personal name | Ginn, Silver Burdett, |
| 9 (RLIN) | 15645 |
| 245 ## - TITLE STATEMENT | |
| Title | The music connection / |
| Statement of responsibility, etc | Silver Burdett Ginn, |
| 260 ## - PUBLICATION, DISTRIBUTION, ETC. (IMPRINT) | |
| Place of publication, distribution, etc | Parsippany ,NJ : |
| Name of publisher, distributor, etc | Silver Burdett Ginn, |
| Date of publication, distribution, etc | c1995. |
| 300 ## - PHYSICAL DESCRIPTION | |
| Extent | 382 p, ; |
| Dimensions | 26 cm. |
| Other physical details | ill, ; |
| 562 ## - COPY AND VERSION IDENTIFICATION NOTE | |
| Number of copies | 1 |
| 650 ## - SUBJECT ADDED ENTRY--TOPICAL TERM | |
| Topical term or geographic name as entry element | Music concepts |
| 9 (RLIN) | 15646 |
| 650 ## - SUBJECT ADDED ENTRY--TOPICAL TERM | |
| Topical term or geographic name as entry element | Themes & Styles. |
| General subdivision | Music. |
| 9 (RLIN) | 15647 |
| 650 ## - SUBJECT ADDED ENTRY--TOPICAL TERM | |
| Topical term or geographic name as entry element | reading. |
| General subdivision | Choral. |
| 9 (RLIN) | 15648 |
| 942 ## - ADDED ENTRY ELEMENTS (KOHA) | |
| Source of classification or shelving scheme | Library of Congress Classification |
| Koha item type | Books |
| Withdrawn status | Lost status | Source of classification or shelving scheme | Damaged status | Home library | Current library | Shelving location | Date acquired | Total Checkouts | Full call number | Barcode | Date last seen | Copy number | Price effective from | Koha item type |
|---|---|---|---|---|---|---|---|---|---|---|---|---|---|---|
| Library of Congress Classification | Luxembourg Library | Luxembourg Library | High School Section | 08/30/2013 | MT 740 .M978 1995 | 8282 | 03/18/2016 | 1 | 08/30/2013 | Books |